Szczegóły MARC21

Rynek usług finansowych a koniunktura gospodarcza /

003 -Nazwa inst., której nr kontr. jest w polu 001 [,]
    • @
    • Nazwa instytucji, której n kontrolny jest w polu 001
    • NUKAT
005 -DATA I CZAS OSTATNIEJ MODYFIKACJI [,]
    • @
    • pole kontrolne
    • 20241231091750.0
020 -Międzynarod. znormalizowany nr książki - ISBN [ , ]
    • a
    • Numer ISBN
    • 9788375562231 Find
040 -Instytucja sporządzająca opis [ , ]
    • a
    • Instytucja, która sporządziła opis (NP)
    • LUBL 64/JG
    • c
    • Instytucja, która sporządziła rekord (NP)
    • LUBL 64/JGs
    • d
    • Instytucja, która zmodyfikowała rekord (P)
    • LUBL 64/JGs
    • d
    • Instytucja, która zmodyfikowała rekord (P)
    • KR U/KNs
942 -Rodzaj dokumentu [ , ]
    • c
    • Rodzaj dokumentu
    • Książka
245 -Strefa tytułu i oznaczenia odpowiedzialności [0,0]
    • a
    • Tytuł
    • Rynek usług finansowych a koniunktura gospodarcza / Find
    • c
    • Pozostałe elementy strefy tytułu i oznaczenia odpowiedzialności (NP)
    • redakcja naukowa Józef Garczarczyk.
260 -Strefa adresu wydawniczego [ , ]
    • a
    • Miejsce wydania (P)
    • Warszawa :
    • b
    • Nazwa wydawcy (P)
    • CeDeWu,
    • c
    • Data wydania (P)
    • 2009.
300 -Strefa opisu fizycznego [ , ]
    • a
    • Określenie formy książki i/lub objętość (NP)
    • 362 s. :
    • b
    • Oznaczenie ilustracji (NP)
    • il. ;
    • c
    • Format (NP)
    • 24 cm.
336 -Typ zawartości [ , ]
    • a
    • Termin opisujący typ zawartości
    • Tekst
    • b
    • Kod określający zawartość
    • txt
    • 2
    • Źródło (terminu i kodu)
    • rdacontent
337 -Typ mediów [ , ]
    • a
    • Tryb odtwarzania
    • Bez urządzenia pośredniczącego
    • b
    • Kod typu mediów
    • n
    • 2
    • Źródło (terminu i kodu)
    • rdamedia
338 -Typ/rodzaj nośnika [ , ]
    • a
    • Hasło opisujące typ nośnika
    • Wolumin
    • b
    • Kod typu nośnika
    • nc
    • 2
    • Źródło (terminu i kodu)
    • rdacarrier
504 -Uwaga dot. bibliogr. załącznikowej [ , ]
    • a
    • Uwaga dot. bibliografii załącznikowej
    • Bibliogr. przy rozdz. Indeks.
080 -Uniwersalna Klasyfikacja Dziesiętna [ , ]
    • 2
    • Identyfikator wydania tablic
    • UDC-P058
    • 9
    • UKD
    • 3192
    • a
    • Symbol klasyfikacji
    • 336.76
    • b
    • Dopowiedzenie
    • Giełda papierów wartościowych. Rynek pieniężny. Rynek kapitałowy. Rynek finansowy.
    • 4
    • UKD2
    • 7642
    • x
    • Poddział wspólny
    • (438)
    • c
    • Dopowiedzenie poddz. wspólnego
    • (Polska).
080 -Uniwersalna Klasyfikacja Dziesiętna [ , ]
    • 2
    • Identyfikator wydania tablic
    • UDC-P058
    • 9
    • UKD
    • 8086
    • a
    • Symbol klasyfikacji
    • 338.1(438)
    • b
    • Dopowiedzenie
    • Sytuacja gospodarcza Polski.
650 -Hasło przedmiotowe [ ,7]
    • a
    • Hasło przedmiotowe
    • Usługi finansowe.
    • 2
    • Źródło terminu
    • kaba
    • 9
    • KHW
    • 134806
650 -Hasło przedmiotowe [ ,7]
    • a
    • Hasło przedmiotowe
    • Koniunktura gospodarcza.
    • 2
    • Źródło terminu
    • kaba
    • 9
    • KHW
    • 115044
650 -Hasło przedmiotowe [ ,7]
    • a
    • Hasło przedmiotowe
    • Kryzysy gospodarcze.
    • 2
    • Źródło terminu
    • kaba
    • 9
    • KHW
    • 116016
650 -Hasło przedmiotowe [ ,7]
    • a
    • Hasło przedmiotowe
    • Cykle gospodarcze.
    • 2
    • Źródło terminu
    • kaba
    • 9
    • KHW
    • 105254
650 -Hasło przedmiotowe [ ,7]
    • a
    • Hasło przedmiotowe
    • Rynek kapitałowy.
    • 2
    • Źródło terminu
    • kaba
    • 9
    • KHW
    • 149370
650 -Hasło przedmiotowe [ ,7]
    • a
    • Hasło przedmiotowe
    • Prognozy gospodarcze.
    • 2
    • Źródło terminu
    • kaba
    • 9
    • KHW
    • 126086
980 -Symbol UKD [ , ]
    • a
    • UKD
    • 336.76(438):338.1(438)
700 -Hasło dodatkowe - nazwa osobowa [1, ]
    • a
    • Nazwa osobowa (NP)
    • Garczarczyk, Józef. Find
    • e
    • Określenie rodzaju współpracy
    • Red.
    • 9
    • KHW
    • 649584
920 -ISBN [ , ]
    • a
    • ISBN
    • 978-83-7556-223-1 Find
Lokalizacja Data inwentaryzacji Status udost. Numer inwentarzowy Sygnatura
BE2010-05-28-2E.72590 
BE2014-02-05-2S.94798 
T2012-03-23-2T.11840T.11840